000 00409nam a2200157Ia 4500
008 100122s9999 xx 000 0 und d
082 _b68220
_a823.08
100 _aजयवंत अरविंद
245 _aगुंजन
250 _a0
260 _bसत्यजय प्रकाशन
_c2005
300 _a207
630 _aगुंजन
730 _aगुंजन
942 _cBOOK
999 _c439950
_d439947